000 00675cam a2200229 4500
001 M2084
008 090401t1990 xxu||||| |||| 00| 0 eng d
035 _a(Sirsi) u36379
041 _aeng
050 _a333.0023
090 _aRICS 1989/101ABC
110 _aRoyal Institution of Chartered Surveyors
_94900
245 4 _aThe Junior Organisation of the Royal Institution of Chartered Surveyors 1889-1989.
260 _aLondon
_bRICS
_c1990
300 _a1 folded sheet : ill. ; 24x16cm.
350 _a0
650 _aCENTENARY
650 _aJUNIOR ORGANISATION
690 _aMANAGEMENT-BUSINESS MANAGEMENT-PROFESSIONAL PRACTICE
942 _n0
948 _c04/03/1997
999 _c90266
_d90266